Faculty of Law Library — Cairo University

Official Online Catalog

Recueil Des Cours. (Record no. 54698)

MARC details
000 -LEADER
fixed length control field 02219nam a2200457 i 4500
003 - CONTROL NUMBER IDENTIFIER
control field EG-GICUC
005 - DATE AND TIME OF LATEST TRANSACTION
control field 20260121101650.0
008 - FIXED-LENGTH DATA ELEMENTS--GENERAL INFORMATION
fixed length control field 260105s1931 fr c|||fr|||| 001 0 fre d
040 ## - CATALOGING SOURCE
Original cataloging agency EG-GiCUC
Language of cataloging fre
Transcribing agency EG-GiCUC
Modifying agency EG-GiCUC
Description conventions Rda
041 ## - LANGUAGE CODE
Language code of text/sound track or separate title fre
082 04 - DEWEY DECIMAL CLASSIFICATION NUMBER
Edition number 21
Classification number 341.1
Item number RE
092 04 - LOCALLY ASSIGNED DEWEY CALL NUMBER (OCLC)
Edition number 21
099 ## - LOCAL FREE-TEXT CALL NUMBER (OCLC)
Classification number Law1 11 341.1 RE 1931
245 00 - TITLE STATEMENT
Title Recueil Des Cours.
Number of part/section of a work 1930, Tome 31.
264 #1 - PRODUCTION, PUBLICATION, DISTRIBUTION, MANUFACTURE, AND COPYRIGHT NOTICE
Place of production, publication, distribution, manufacture Paris :
Name of producer, publisher, distributor, manufacturer Hachette,
Date of production, publication, distribution, manufacture, or copyright notice 1931
300 ## - PHYSICAL DESCRIPTION
Extent 745 pages :
Other physical details portraits ;
Dimensions 24 cm.
336 ## - CONTENT TYPE
Source rda contenu
Content type term texte
337 ## - MEDIA TYPE
Source rda medias
Media type term Ordinateur
338 ## - CARRIER TYPE
Source transporteur rda
Carrier type term Ressource en ligne
490 0# - SERIES STATEMENT
Series statement Académie de droit international ;
Volume/sequential designation 1930, t 31.
500 ## - GENERAL NOTE
General note 1930 I
500 ## - GENERAL NOTE
General note At head of title: Académie de droit international.
504 ## - BIBLIOGRAPHY, ETC. NOTE
Bibliography, etc. note Includes bibliographical references and index.
505 ## - FORMATTED CONTENTS NOTE
Formatted contents note Contient les cours de l'Académie y compris :<br/>
Title Les doubles impositions au point de vue juridique /
Statement of responsibility par J.-P. Niboyet --
Title L'option de nationalité /
Statement of responsibility par Joseph L. Kunz --
Title Les sauvages américains devant le droit /
Statement of responsibility par Rodrigo Octavio --
Title L'oeuvre de toutes les confessions chrétiennes (églises) pour la paix internationale /
Statement of responsibility par J. Muller --
Title Le droit international nouveau: l'influence de la condamnation de la guerre sur l'évolution juridique internationale /
Statement of responsibility par M. le Baron Descamps --
Title La doctrine des qualifications et ses rapports avec le caractère national du conflit des lois /
Statement of responsibility par E. Bartin --
Title Conception du droit international privé d'après la doctrine et la pratique en Espagne /
Statement of responsibility par J.-M. Trias De Bés.
546 ## - LANGUAGE NOTE
Language note Texte en français
650 14 - SUBJECT ADDED ENTRY--TOPICAL TERM
Topical term or geographic name entry element international law
Source of heading or term qrmak
650 14 - SUBJECT ADDED ENTRY--TOPICAL TERM
Topical term or geographic name entry element World War, 1914-1918
Source of heading or term qrmak
650 14 - SUBJECT ADDED ENTRY--TOPICAL TERM
Topical term or geographic name entry element Nationalism
Source of heading or term qrmak
651 1# - SUBJECT ADDED ENTRY--GEOGRAPHIC NAME
Source of heading or term qrmak
700 1# - ADDED ENTRY--PERSONAL NAME
Personal name Niboyet, J. P.,
Relator term Auteur
700 1# - ADDED ENTRY--PERSONAL NAME
Personal name Kunz, Josef Laurenz,
Relator term Auteur
700 1# - ADDED ENTRY--PERSONAL NAME
Personal name Octavio, Rodrigo,
Relator term Auteur
700 1# - ADDED ENTRY--PERSONAL NAME
Personal name Müller, Joseph,
Relator term Auteur
700 1# - ADDED ENTRY--PERSONAL NAME
Personal name Descamps, Édouard,
Relator term Auteur
700 1# - ADDED ENTRY--PERSONAL NAME
Personal name Bartin, Etienne-Adolphe,
Relator term Auteur
700 1# - ADDED ENTRY--PERSONAL NAME
Personal name Trías de Bes, José María,,
Relator term Auteur
710 ## - ADDED ENTRY--CORPORATE NAME
Corporate name or jurisdiction name as entry element Académie De Droit International
856 40 - ELECTRONIC LOCATION AND ACCESS
Uniform Resource Identifier <a href="https://fll.law.cu.edu.eg/fulltext/bks/B11-06788.pdf">https://fll.law.cu.edu.eg/fulltext/bks/B11-06788.pdf</a>
905 ## - Cataloger and Reviser Names
Cataloger Name: Rawan khaled
942 ## - ADDED ENTRY ELEMENTS (KOHA)
Source of classification or shelving scheme Dewey Decimal Classification
Suppress in OPAC No
Koha item type Books
Edition 21
Holdings
Withdrawn status Lost status Source of classification or shelving scheme Materials specified (bound volume or other part) Damaged status Not for loan Collection Home library Current library Date acquired Total checkouts Full call number Barcode Date last seen Copy number Price effective from Koha item type
    Dewey Decimal Classification V31   Not for loan القانون الدولي العام جــــامعة القــاهرة مكتبة كلية الحقوق - المبنى الرئيسي 05.01.2026   Law1 11 341.1 RE 1931 1106788 V31, C1 B11-06788 05.01.2026 1 05.01.2026 Books

© All rights reserved — Faculty of Law, Cairo University